000
00308nam a22001337a 4500
008
170504b xxu||||| |||| 00| 0 eng d
020
_a
0199249423
041
_a
eng
080
_2
5 ED
_a
34
100
_a
14
101
_a
SHJ
245
_a
BASIC DOKUMENTS INTERNATIONAL LAW
_c
BROWN.J
942
_2
udc
_c
BK
999
_c
12708
_d
12708